| 000 | 00375nam a2200145Ia 4500 | ||
|---|---|---|---|
| 008 | 230312s9999||||xx |||||||||||||| ||und|| | ||
| 020 | _a9781440310324 | ||
| 082 |
_a741.6 _bGEI-I |
||
| 100 | _aAndrews,Jean | ||
| 245 | 0 | _aA+ guide to managing and maintaining your PC | |
| 260 |
_bPrint _aCanada _c2011 |
||
| 300 | _a253 | ||
| 650 |
_aComputer _vElectronic books |
||
| 942 | _cBK | ||
| 999 |
_c17702 _d17702 |
||